000
00181 a2200097 4500
020
_a
070999007991
041
_a
eng
100
_a
Michael Crichton
245
_a
Timeline
942
_c
BK
999
_c
12158
_d
12158